000 00376nam a22001337a 4500
008 230623b xxu||||| |||| 00| 0 eng d
082 _a330.9
_bFOS 2003
110 _bCentre for the Study of African Economies
245 _aAfrican Economic Research Consortium
260 _b Oxford University Press
_c2003
300 _a150p
440 _n1
_pSupplement
_v12
942 _2ddc
_cBK
999 _c2460
_d2460